Office administration handbook (Record no. 40455)

MARC details
000 -LEADER
fixed length control field 00396nam a2200157Ia 4500
082 ## - DEWEY DECIMAL CLASSIFICATION NUMBER
Classification number 651(035)
Item number MIN
245 #0 - TITLE STATEMENT
Title Office administration handbook
250 ## - EDITION STATEMENT
Edition statement Ed.6
260 ## - PUBLICATION, DISTRIBUTION, ETC. (IMPRINT)
Place of publication New Delhi
Name of publisher UBSPD
Year of publication 1993
650 ## - SUBJECT ADDED ENTRY--TOPICAL TERM
Topical Term Manpower planning
650 ## - SUBJECT ADDED ENTRY--TOPICAL TERM
Topical Term Personal administration
700 ## - ADDED ENTRY--PERSONAL NAME
Personal name Fetridge, C W
700 ## - ADDED ENTRY--PERSONAL NAME
Personal name Minor, R S
942 ## - ADDED ENTRY ELEMENTS (KOHA)
Koha item type Books
Holdings
Withdrawn status Lost status Damaged status Not for loan Home library Current library Date acquired Cost, normal purchase price Full call number Accession Number Koha item type
        RRII Library RRII Library 16/12/2021 750.00 651(035) MIN 20754 Books